| 000 | 00691cam a2200229 4500500 | ||
|---|---|---|---|
| 005 | 20260405003143.0 | ||
| 041 | _afre | ||
| 042 | _adc | ||
| 100 | 1 | 0 |
_aMorel, François _eauthor |
| 245 | 0 | 0 | _aConseil n° 2. Allons au musée Rodin afin de nous souvenir du baiser |
| 260 | _c2020. | ||
| 500 | _a82 | ||
| 690 | _aAlexandre Lacroix | ||
| 690 | _aBaiser | ||
| 690 | _aCovid-19 | ||
| 690 | _aFrançois Morel | ||
| 690 | _aHumour | ||
| 690 | _aJean Gabin | ||
| 690 | _aLiberté | ||
| 786 | 0 | _nPhilosophie magazine | 143 | 10 | 2020-10-01 | p. 78-79 | 1951-1787 | |
| 856 | 4 | 1 | _uhttps://shs.cairn.info/magazine-philosophie-magazine-2020-10-page-78?lang=fr&redirect-ssocas=7080 |
| 999 |
_c2064882 _d2064882 |
||